Constance Wu Filmography - Statistics

General Stats
  • This quiz has been taken 10 times
    4 since last reset
  • The average score is 10 of 60
Answer Stats
Type Year Name % Correct
Film 2018 Crazy Rich Asians
75%
TV Show 2015-2020 Fresh Off the Boat
75%
Film 2019 Hustlers
50%
Film 2022 Lyle, Lyle, Crocodile
50%
Film 2024 The Friend
50%
Web Series 2022 The Terminal List
50%
Theater 2022 2:22 - A Ghost Story
25%
Film 2018 All the Creatures Were Stirring
25%
TV Pilot 2013 Browsers
25%
TV Show 2022 Celebrity Jeopardy!
25%
TV Show 2015 Childrens Hospital
25%
TV Show 2013 Covert Affairs
25%
Film TBA Crazy Rich Asians 2
25%
Short Film 2018 Crow: The Legend
25%
Web Series 2017 Dimension 404
25%
Web Series 2012-2017 Eastsiders
25%
TV Show 2014 Franklin & Bash
25%
Documentary 2022 Halftime
25%
TV Film 2014 High Moon
25%
Film 2021 I Was a Simple Man
25%
TV Show 2006 Law & Order: Special Victims Unit
25%
Theater 2023-2024 Little Shop of Horrors
25%
Film 2018 Next Gen
25%
Short Film 2017 Nine Minutes
25%
Film 2015 Parallels
25%
TV Show 2016 Royal Pains
25%
Theater 2024 Shit. Meet. Fan.
25%
Web Mini-Series 2021 Solos
25%
Film TBA The Embers and the Stars
25%
Film 2017 The Feels
25%
Film 2017 The LEGO Ninjago Movie
25%
Web Series 2023-2024 Velma
25%
Film 2021 Wish Dragon
25%
Short Documentary 2017 100 Years
0%
Film 2013 Best Friends Forever
0%
Theater 2007 Close to the Sun
0%
TV Film 2013 Deadly Revenge
0%
Film 2022 East Bay
0%
Film 2014 Electric Slide
0%
Music Video 2017 Family Feud
0%
Web Series 2024 Gabby & Friends
0%
Film TBA Happy Hours
0%
Documentary Series 2021 History of the Sitcom
0%
TV Show 2015 Hollywood Game Night
0%
TV Show 2023 Jeopardy!
0%
TV Pilot 2012 Middle Ages
0%
Director 2013 My Mother Is Not a Fish
0%
TV Show 2007 One Life to Live
0%
Theater 2006 Ping Pong Diplomacy
0%
Film 2011 Sound of My Voice
0%
Web Series 2014 Spooked
0%
Film 2006 Stephanie Daley
0%
Short Film 2013 Taylor Manifest
0%
Film 2006 The Architect
0%
TV Show 2018 The Bachelorette
0%
TV Show 2015 The Soup
0%
Short Film 2013 Ties
0%
TV Show 2011 Torchwood
0%
Film 2012 Watching TV with the Red Chinese
0%
Film 2007 Year of the Fish
0%
No matching quizzes found
Score Distribution
Percent of People with Each Score
Percentile by Number Answered
Your Score History
You have not taken this quiz since the last reset